Descriptive words - Spanish vocabulary - Statistics

General Stats
  • This quiz has been taken 101 times
  • The average score is 39 of 71
Answer Stats
Hintstrong/hard Answer % Correct
good bueno
94%
interesting interesante
92%
easy fácil
90%
big grande
90%
small pequeño
90%
cold frío
89%
fat gordo
89%
tall alto
87%
ugly feo
87%
strong fuerte
87%
ready listo
87%
handsome guapo
85%
new nuevo
85%
sad triste
85%
old viejo
85%
closed cerrado
84%
hot caliente
82%
expensive caro
81%
light claro
81%
difficult difícil
81%
fast rápido
79%
sympathetic simpático
77%
long largo
76%
modern moderno
76%
boring aburrido
74%
generous generoso
74%
open abierto
73%
dark oscuro
73%
early temprano
73%
thin delgado
71%
strong/hard duro
71%
slow lento
71%
free libre
71%
busy ocupado
71%
short bajo
69%
dirty sucio
69%
blond rubio
68%
weak débil
66%
full lleno
65%
short corto
58%
mobile móvil
56%
wet mojado
55%
hard working trabajador
50%
wide ancho
48%
loud ruidoso
47%
empty vacío
40%
pleasant agradable
35%
punctual puntual
34%
calm tranquilo
34%
salty salado
31%
nice amable
29%
cheerful alegre
26%
clodu nublado
21%
old (e.g. furniture) antiguo
19%
unfriendly antipático
19%
soft blando
18%
straight (hair) liso
16%
organized ordenado
16%
unpunctual impuntual
15%
curly (hair) rizado
15%
narrow estrecho
13%
clear limpio
13%
cloudless despejado
11%
bland soso
11%
clumsy torpe
10%
disorganised desordenado
8%
angry malo
5%
permanent fijo
3%
hospitable hospitalario
3%
comfortable acogedor
2%
unpleasant desegradable
0%
No matching quizzes found
Score Distribution
Percent of People with Each Score
Percentile by Number Answered
Your Score History
You have not taken this quiz